000 00602nam a2200205 i 4500
001 39771
003 ES-MaACL
005 20240606094857.0
007 t|
008 030304s1969 sp ||||1| spa d
245 0 0 _aCante flamenco /
_c[selección y estudio por Ricardo Molina].
250 _a[2ª ed.].
260 _aMadrid :
_bTaurus,
_c[1969]
300 _a162 p. ;
_c18 cm.
490 1 _aSer y tiempo. Temas de España
700 0 _aMolina, Ricardo,
_d1916-1968
_981902
830 0 _aSer y tiempo. Temas de España
_9181807
852 _aES-MaACL
_jC-53494
_bR.72503
999 _c39771
_d39771